00665nam a2200229 a 4500001001300000003000900013005001700022008004100039020001000080082001300090100001900103245003500122260003900157500003500196505001300231650002800244700001900272902000800291942000700299952011400306999001500420nice12345678IN_TiNIC20260116012817.0050524s1979 siaa grp 000 0 urd  ac10000a244bKHA aKhan, Barkat A aYahrifuna Al-Kaleem, 12 Tracts aSialkotbBasharati Committeec1979 aincludes index and biblioraphy2 aAppendix aChristianity-Miscellany1 aKhan, Barkat A bSRS cBK 001040708StackRoom-aHMIbHMId2007-07-05g100.00l0o244 KHAp012551r2007-07-05v100.00w2005-05-24yBK c8471d8471